000 00907nam0a22002291 4500
001 rc\4948543
005 20260407113345.0
035 _a(NLR Aleph) 008856763
090 _a8435468
_c8435468
100 _a20130426d1965 |||y0rusy50 ca
101 0 _arus
102 _aRU
105 _ay z |||||
200 1 _aТабель инвентарного снабжения судов Среднеазиатского пароходства
_eУтв. 30/XII 1963 г.
_fСССР. М-во мор. флота. Центр. проектно-конструкторское бюро № 1
210 _aМосква
_aЛенинград
_cТранспорт
_d1965
215 _a64 с.
_d27
710 0 2 _aСреднеазиатское пароходство
_cЧарджоу
_9632341
_3RU\NLR\AUTH\8810065365
801 0 _aRU
_bNLR
_gpsbo
801 1 _aRU
_bELAR
_2rusmarc
852 _aNLR
_j65-7/965
942 _cBOOK
980 _aNB